[Event "XVII Cracovia A"]
[Site "Krakow POL"]
[Date "2006.12.30"]
[Round "4"]
[White "Panocki,A"]
[Black "Hagesaether,E"]
[Result "1-0"]
[WhiteElo "2293"]
[BlackElo "2193"]

1.e4 d6 2.d4 g6 3.Nc3 Bg7 4.f4 Nf6 5.Nf3 O-O 6.Bd3 Nc6 7.Be3 e5 8.fxe5 dxe5
9.d5 Nb4 10.Bc4 a5 11.Qd2 Ne8 12.a3 Nd6 13.axb4 Nxc4 14.Qe2 Nxe3 15.Qxe3 f5
16.O-O fxe4 17.Nd2 Rxf1+ 18.Nxf1 Bf5 19.bxa5 Qh4 20.g3 Qe7 21.Ra4 Bd7 22.Rc4 Rxa5
23.Rxc7 Ra1 24.Qe2 Qd6 25.Rxb7 Bc8 26.Nxe4 Qd8 27.Rb8 Qc7 28.Qb5 Bf8 29.d6 Qf7
30.Rxc8 Qf3 31.Qd5+ Kg7 32.Qxe5+  1-0

[Event "Hilton Open"]
[Site "Basel SUI"]
[Date "2007.01.02"]
[Round "2"]
[White "Melkumjanz,N"]
[Black "Vajda,L"]
[Result "1-0"]
[WhiteElo "2298"]
[BlackElo "2545"]

1.d4 g6 2.e4 Bg7 3.Nc3 d6 4.Bc4 Nf6 5.f3 c6 6.Bb3 d5 7.Nge2 O-O 8.e5 Ne8
9.f4 f6 10.Be3 Be6 11.Qd2 Nd7 12.Nd1 Nc7 13.Nf2 c5 14.c3 a5 15.h4 h5 16.Bc2 Qe8
17.g4 fxe5 18.fxe5 Rxf2 19.Bxf2 Bxg4 20.Nf4 Nf8 21.Be3 a4 22.O-O b5 23.Rf2 b4
24.cxb4 cxd4 25.Bxd4 Rc8 26.Re1 Nce6 27.Nxe6 Nxe6 28.Bc5 Nxc5 29.bxc5 Rxc5
30.Qd4 Ra5 31.b4 axb3 32.Bxb3 e6 33.Qf4 Ra7 34.Qd4 Ra8 35.Ref1 Qb8 36.Re1 Qd8
37.Rh2 Qe7 38.Rf1 Rb8 39.Qc3 Bf5 40.Rf4 Qa7+ 41.Rhf2 Bh6 42.Rf3 Qe7 43.Rg3 Kh7
44.Bc2 Qa7 45.Bxf5 gxf5 46.Qf3 Qf7 47.a3 d4 48.Rfg2 Rb5 49.Rg5 Bxg5 50.Rxg5 Kh6
51.Qf4 Kh7 52.Qxd4 Rb1+ 53.Kh2 Re1 54.Qc5 Re4 55.Kh3 Rf4 56.Qd6 Re4 57.Qc5 Rf4
58.Rg3 Rg4 59.Rb3 Rg7 60.Qe3 Qe7 61.Rc3 Qd7 62.Qd3 Qf7 63.Qe2 Qg6 64.Qf3 Qg1
65.Qxh5+  1-0

[Event "Petrovskaya Ladya GM"]
[Site "Peterhof RUS"]
[Date "2007.01.05"]
[Round "4"]
[White "Rusanov,M"]
[Black "Pogosian,Vl"]
[Result "1-0"]
[WhiteElo "2436"]
[BlackElo "2182"]

1.d4 d6 2.Nc3 g6 3.e4 Bg7 4.Be3 c6 5.Qd2 b5 6.Nf3 a6 7.h3 h6 8.Bd3 e6 9.O-O Ne7
10.a4 Bb7 11.Ne2 Nd7 12.Ng3 Nb6 13.a5 Nd7 14.c4 Kf8 15.cxb5 cxb5 16.Rac1 d5
17.e5 Nc6 18.b4 Qe7 19.Rb1 Kg8 20.Qe1 Bf8 21.Bd2 Qd8 22.h4 Ne7 23.h5 Nf5
24.Rc1 Nb8 25.Nxf5 gxf5 26.Kh1 Be7 27.g4 fxg4 28.Rg1 Kf8 29.Rxg4 Ke8 30.Rg7 Nc6
31.Qg1 Bf8 32.Rg8 Nxd4 33.Rxh8 Nxf3 34.Rxf8+ Kxf8 35.Bxh6+ Ke8 36.Qg8+ Ke7
37.Bg5+ Nxg5 38.Qxg5+ Kd7 39.Qxd8+ Rxd8 40.h6 d4+ 41.Kh2 Bf3 42.Rg1 Bh5 43.Rg7  1-0

[Event "Hilton Open"]
[Site "Basel SUI"]
[Date "2007.01.06"]
[Round "6"]
[White "Leburgue,S"]
[Black "Melkumjanz,N"]
[Result "1-0"]
[WhiteElo "2188"]
[BlackElo "2298"]

1.e4 g6 2.d4 Bg7 3.Nc3 d6 4.Bg5 c6 5.Qd2 b5 6.f4 a6 7.Nf3 Nd7 8.Bd3 c5 9.e5 cxd4
10.Ne4 Qb6 11.exd6 f5 12.Nf2 Qxd6 13.O-O Bb7 14.a4 h6 15.Bh4 b4 16.Rae1 Bxf3
17.gxf3 Nb6 18.Re2 Nd5 19.Rfe1 Ne3 20.Nd1 g5 21.fxg5 hxg5 22.Bxg5 f4 23.Be4 Rd8
24.Qd3 Bf6 25.Nxe3 fxe3 26.Bg6+ Kf8 27.Qf5 Qd5 28.Qxd5 Rxd5 29.Bf4 Ra5 30.b3 e5
31.Bg3 Ne7 32.Bd3 Nd5 33.Rg2 Ke7 34.Rf1 Nc3 35.Be1 Nd5 36.Bc4 Nf4 37.Bxb4+  1-0

[Event "Hilton Open"]
[Site "Basel SUI"]
[Date "2007.01.07"]
[Round "7"]
[White "Vajda,L"]
[Black "Sulava,N"]
[Result "1/2-1/2"]
[WhiteElo "2545"]
[BlackElo "2537"]

1.e4 g6 2.d4 Bg7 3.Nc3 d6 4.Be3 a6 5.a4 Nf6 6.h3 Nc6 7.d5 Ne5 8.f4 Ned7 9.Nf3 O-O
10.Bc4 c6 11.dxc6  1/2-1/2

[Event "Open"]
[Site "Verona ITA"]
[Date "2007.01.07"]
[Round "7"]
[White "Ricci,A"]
[Black "Guanciale,O"]
[Result "0-1"]
[WhiteElo "2060"]
[BlackElo "2157"]

1.e4 d6 2.Nc3 g6 3.d4 Bg7 4.g3 Nf6 5.Bg2 O-O 6.Nf3 Bg4 7.h3 Bxf3 8.Qxf3 Nfd7
9.Be3 e5 10.dxe5 dxe5 11.O-O-O Nc6 12.Rd2 Nd4 13.Qd1 Nb6 14.Kb1 Nc4 15.Rd3 Qd6
16.Bc1 Qb4 17.Nd5 Qc5 18.c3 Ne6 19.Qe2 b5 20.b4 Qd6 21.Nf6+ Bxf6 22.Rxd6 cxd6
23.a4 a5 24.axb5 Rfc8 25.b6 Nxb6 26.Be3 Na4 27.Bd2 Rxc3 28.Qb5 axb4 29.Qb7 Rcc8
30.Rc1 Nc3+ 31.Bxc3 bxc3 32.Kc2 Nd4+ 33.Kd3 c2 34.f4 Ra3+ 35.Kd2 Nb3+ 36.Ke1 Rc3  0-1

[Event "Petrovskaya Ladya IM"]
[Site "Peterhof RUS"]
[Date "2007.01.08"]
[Round "7"]
[White "Borisova,E"]
[Black "Levin,Ev"]
[Result "0-1"]
[WhiteElo "2252"]
[BlackElo "2393"]

1.e4 g6 2.d4 Bg7 3.Nc3 d6 4.Be3 a6 5.f4 b5 6.Be2 Bb7 7.Bf3 Nd7 8.e5 Qc8 9.Bxb7 Qxb7
10.Qf3 Qxf3 11.Nxf3 Nb6 12.O-O-O Nh6 13.Rhe1 d5 14.h3 Nf5 15.g4 Nxe3 16.Rxe3 e6
17.Kb1 h5 18.g5 Kd7 19.Ne1 Bf8 20.Nd3 Rc8 21.b3 b4 22.Ne2 c5 23.dxc5 Bxc5
24.Rf3 Be7 25.h4 Na8 26.Nf2 Nc7 27.c4 bxc3 28.Nxc3 Nb5 29.Nxb5 axb5 30.Kb2 Rc6
31.Nd3 Ra8 32.b4 Rca6 33.a3 Rc6 34.Rc1 Rc4 35.Rxc4 bxc4 36.Ne1 d4 37.Nc2 d3
38.Ne3 c3+ 39.Kxc3 Rxa3+ 40.Kb2 Bxb4 41.Nd1 Kc6 42.Nf2 Kd5 43.Nxd3 Ke4  0-1

[Event "ch-NZL 2006-7"]
[Site "Wanganui NZL"]
[Date "2007.01.10"]
[Round "9"]
[White "Steadman,M"]
[Black "Reilly,T"]
[Result "0-1"]
[WhiteElo "2265"]
[BlackElo "2307"]

1.e4 d6 2.d4 g6 3.Nc3 Bg7 4.Be3 a6 5.Qd2 Nd7 6.f3 b5 7.h4 h6 8.a4 b4 9.Nd5 a5
10.c3 c6 11.Nf4 bxc3 12.bxc3 e5 13.Nd3 Ne7 14.dxe5 d5 15.exd5 Nxe5 16.Nxe5 Bxe5
17.f4 Bf6 18.dxc6 O-O 19.Nf3 Nxc6 20.Bb5 Qxd2+ 21.Bxd2 Bb7 22.Rc1 Rad8 23.Be3 Rfe8
24.Kf2 Re4 25.h5 Rde8 26.Bd2 Kg7 27.hxg6 fxg6 28.Rhe1 Rxe1 29.Rxe1 Rc8 30.g3 Na7
31.Nd4 Nxb5 32.axb5 Rc4 33.Ra1 Rxd4 34.cxd4 Bxd4+ 35.Ke2 Bxa1 36.Bxa5 h5
37.Kd3 Kf7 38.Kc4 Ke6 39.Kc5 Kd7 40.Be1 Bf6 41.Kb6 Kc8 42.Kc5 Be4 43.Bf2 Kb7
44.Kb4 Bd8 45.Bc5 Bd3 46.Bf8 Bb6 47.Be7 Bf2 48.Bh4 Be2  0-1

[Event "ch-NZL 2006-7"]
[Site "Wanganui NZL"]
[Date "2007.01.11"]
[Round "10"]
[White "Forster,W"]
[Black "Goodhue,N"]
[Result "1/2-1/2"]
[WhiteElo "2009"]
[BlackElo "2073"]

1.e4 d6 2.d4 g6 3.Nc3 Bg7 4.Be3 Nd7 5.Qd2 e6 6.f4 a6 7.Nf3 f5 8.Bc4 Nb6 9.Be2 fxe4
10.Nxe4 Nd5 11.O-O Ngf6 12.Nxf6+ Qxf6 13.Rae1 O-O 14.g3 b5 15.Bf2 Bb7 16.Ng5 Rae8
17.Bf3 h6 18.Ne4 Qf5 19.Bg2 Qf7 20.Kh1 Qd7 21.Bg1 Qc8 22.Qd3 Qa8 23.Bf3 Kh7
24.Nd2 Nb4 25.Qb3 Nd5 26.Qd3 e5 27.dxe5 dxe5 28.fxe5 Nb4 29.Qb3 Bd5 30.Bxd5 Nxd5
31.Rxf8 Rxf8 32.Qd3 Nb4+ 33.Qe4 Nxc2 34.Qxa8 Rxa8 35.Rc1 Nb4 36.Rxc7 Nxa2
37.Ne4  1/2-1/2

[Event "Keres Mem WGM"]
[Site "Tallinn EST"]
[Date "2007.01.12"]
[Round "9"]
[White "Zjukin,S"]
[Black "Shvyrjov,I"]
[Result "0-1"]
[WhiteElo "2357"]
[BlackElo "2412"]

1.e4 g6 2.d4 Bg7 3.Nc3 d6 4.Nf3 c6 5.Be2 Nd7 6.O-O Qc7 7.h3 b5 8.a3 Bb7 9.Be3 Ngf6
10.Re1 a6 11.Bf1 e5 12.g3 O-O 13.dxe5 dxe5 14.Bg2 Rfd8 15.Qe2 Bf8 16.Nd2 Re8
17.Nf1 Nc5 18.Bg5 Nfd7 19.f3 Ne6 20.Be3 Rad8 21.Kh2 Nb6 22.b3 Nd4 23.Qf2 c5
24.Rec1 Bc6 25.h4 Qb7 26.Bh3 Bg7 27.a4 b4 28.Ne2 f5 29.Bg5 Rd6 30.Nxd4 cxd4
31.Nd2 h6 32.a5 hxg5 33.axb6 g4 34.fxg4 fxe4 35.Nc4 Rf6 36.Qe2 e3 37.Na5 Qxb6
38.Qc4+ Kh7 39.g5 Rf2+ 40.Kg1 Be4 41.Ra4 Rb8 42.Bf1 Rbf8 43.Qxb4 R8f3  0-1

[Event "ch-NZL 2006-7"]
[Site "Wanganui NZL"]
[Date "2007.01.12"]
[Round "11"]
[White "Smith,Ro"]
[Black "Reilly,T"]
[Result "1/2-1/2"]
[WhiteElo "2293"]
[BlackElo "2307"]

1.e4 d6 2.d4 g6 3.Nc3 Bg7 4.g3 Nc6 5.Be3 Nf6 6.h3 O-O 7.Bg2 e5 8.Nge2 Bd7
9.O-O exd4 10.Nxd4 Re8 11.Nde2 h5 12.Nf4 b5 13.a3 Ne5 14.b3  1/2-1/2

[Event "TCh-NOR 2006-7"]
[Site "Oslo NOR"]
[Date "2007.01.13"]
[Round "5"]
[White "Gudbrandsen,G"]
[Black "Adnoy,H"]
[Result "0-1"]
[WhiteElo "2280"]
[BlackElo "2294"]

1.e4 g6 2.d4 Bg7 3.Nc3 d6 4.f4 a6 5.Nf3 b5 6.Bd3 Nd7 7.a4 b4 8.Ne2 c5 9.d5 Ngf6
10.Nd2 Qc7 11.a5 O-O 12.Nc4 Bb7 13.Ng3 e6 14.e5 dxe5 15.d6 Qd8 16.fxe5 Nd5
17.Qe2 Qh4 18.O-O Nxe5 19.Ne4 Ng4 20.h3 Bd4+ 21.Kh1 f5 22.Ng5 Qg3 23.hxg4 Qh4+
24.Nh3 fxg4 25.Qxe6+ Kh8 26.Bg5 Qh5 27.Rxf8+ Rxf8 28.Rf1 Nf4 29.Bf6+ Bxf6
30.Qe3 gxh3  0-1

[Event "TCh-BEL 2006-7"]
[Site "Belgium BEL"]
[Date "2007.01.14"]
[Round "6"]
[White "Van den Brande,W"]
[Black "Deleyn,G"]
[Result "1-0"]
[WhiteElo "2230"]
[BlackElo "2307"]

1.e4 g6 2.d4 Bg7 3.Nc3 d6 4.f4 Nc6 5.Be3 Nf6 6.Nf3 e6 7.Be2 Ne7 8.h3 b6 9.g4 Bb7
10.Bb5+ Nd7 11.Qe2 a6 12.Bd3 b5 13.f5 b4 14.fxe6 fxe6 15.Ng5 Nf8 16.Nd1 h6
17.Nf3 Nh7 18.Nf2 Qd7 19.O-O-O Rf8 20.Rhg1 a5 21.Kb1 O-O-O 22.g5 h5 23.Nd2 a4
24.Nc4 Nc6 25.e5 d5 26.Nd2 Ne7 27.Bb5 Bc6 28.Ba6+ Kb8 29.Nf3 Ka7 30.Nh4 Nf5
31.Nxf5 exf5 32.Nd3 Bb5 33.Bxb5 Qxb5 34.Bd2 f4 35.Nxf4 Qxe2 36.Nxe2 Rf2 37.Nf4 Nf8
38.Rgf1 Rxf1 39.Rxf1 c5 40.c3 bxc3 41.Bxc3 cxd4 42.Bxd4+ Ka6 43.Rc1 Nd7 44.Ne6  1-0

[Event "zt 3.3"]
[Site "Phu Quoc VIE"]
[Date "2007.01.14"]
[Round "5"]
[White "Dao Thien Hai"]
[Black "Hoang Canh Huan"]
[Result "1-0"]
[WhiteElo "2559"]
[BlackElo "2302"]

1.d4 g6 2.e4 Bg7 3.Nc3 d6 4.Be3 Nd7 5.Qd2 c6 6.a4 Qa5 7.Bd3 Ngf6 8.Bh6 Bxh6
9.Qxh6 c5 10.Ne2 cxd4 11.Nxd4 Qb6 12.Ncb5 a6 13.a5 Qc5 14.Nb3 Qb4+ 15.Nc3 Nc5
16.O-O Nxb3 17.Ra4 Qc5 18.cxb3 Bd7 19.Raa1 Be6 20.Bc2 g5 21.b4 Qe5 22.Ba4+ Kd8
23.Rad1 Rg8 24.Nd5 Ng4 25.Qh3 Nxf2 26.Qe3 Bxd5 27.Qb6+ Kc8 28.Rxd5 Qxb2 29.Rxf2  1-0

[Event "zt 3.3"]
[Site "Phu Quoc VIE"]
[Date "2007.01.14"]
[Round "5"]
[White "Tran Thanh Tu"]
[Black "Dinh Duc Trong"]
[Result "0-1"]
[WhiteElo "2282"]
[BlackElo "2362"]

1.e4 g6 2.d4 d6 3.Nc3 Bg7 4.Nf3 e6 5.Bg5 Ne7 6.h4 h6 7.Bf4 Nd7 8.Qd2 a6 9.a4 b6
10.Bc4 Bb7 11.O-O Nf6 12.Rfe1 Qd7 13.d5 exd5 14.exd5 Kf8 15.Qd3 Qf5 16.Qxf5 Nxf5
17.Rad1 Re8 18.g3 Ng4 19.Bf1 Rxe1 20.Nxe1 Bd4 21.Rd2 Nf6 22.Bg2 Nh5 23.Ne2 Bxb2
24.c4 Bf6 25.Nd3 Kg7 26.a5 Re8 27.Kf1 g5 28.hxg5 hxg5 29.Bf3 gxf4 30.Bxh5 fxg3
31.axb6 cxb6 32.Nxg3 Nxg3+ 33.fxg3 Rc8  0-1

[Event "zt 3.3"]
[Site "Phu Quoc VIE"]
[Date "2007.01.17"]
[Round "8"]
[White "So,W"]
[Black "Dao Thien Hai"]
[Result "1/2-1/2"]
[WhiteElo "2451"]
[BlackElo "2559"]

1.e4 g6 2.d4 Bg7 3.Nc3 d6 4.f4 Nf6 5.Nf3 O-O 6.Bd3 Nc6 7.O-O Bg4 8.e5 dxe5
9.dxe5 Nd5 10.h3 Nxc3 11.bxc3 Bxf3 12.Qxf3 f6 13.exf6  1/2-1/2

[Event "ch-GER"]
[Site "Koenigshofen GER"]
[Date "2007.01.19"]
[Round "1"]
[White "Abel,D"]
[Black "Tischbierek,R"]
[Result "0-1"]
[WhiteElo "2294"]
[BlackElo "2486"]

1.e4 d6 2.d4 g6 3.Nc3 Bg7 4.Bg5 a6 5.Nf3 b5 6.a4 b4 7.Nd5 h6 8.Bh4 Bb7 9.Qd3 a5
10.Be2 g5 11.Bg3 e6 12.Ne3 Nf6 13.Nd2 Nc6 14.c3 bxc3 15.bxc3 Ba6 16.Qc2 Bxe2
17.Kxe2 Nh5 18.Qd3 O-O 19.Nc2 Qe8 20.Rhe1 f5 21.exf5 exf5+ 22.Kf1 Qf7 23.f3 Ne7
24.Kg1 Nd5 25.Qc4 Nxg3 26.hxg3 c5 27.Rac1 Rac8 28.Qd3 Qb7 29.Ne3 cxd4 30.Nxf5 dxc3
31.Nc4 Nb4 32.Qe2 Rxf5 33.Qe6+ Rf7 34.Nxd6 Qa7+ 35.Kh2 Rf8 36.Nxf7 Qxf7 37.Qb6 Nd3  0-1

[Event "75th Ambelokipi Open"]
[Site "Athens GRE"]
[Date "2007.01.20"]
[Round "3"]
[White "Ponirakis,D"]
[Black "Kotrotsos,V"]
[Result "1/2-1/2"]
[WhiteElo "2027"]
[BlackElo "2306"]

1.e4 g6 2.d4 Bg7 3.Nc3 d6 4.Be3 a6 5.Qd2 Nd7 6.O-O-O b5 7.f3 Bb7 8.h4 h6
9.Bd3 Rc8 10.h5 g5 11.d5 c5 12.Nb1 Nb6 13.c3 Nf6 14.Ne2 Nfd7 15.Ng3 Ne5 16.Nf5 Bf6
17.Qe2 Nbc4 18.Bf2 Nxd3+ 19.Qxd3 Ne5 20.Qe2 c4 21.Bd4 e6 22.dxe6 fxe6 23.Bxe5 Bxe5
24.Nxd6+ Bxd6 25.e5 Bc7 26.Rxd8+ Rxd8 27.Qc2 Bxe5 28.b3 Bd5 29.b4 Ke7 30.Rd1 a5
31.a3 axb4 32.axb4 Ra8 33.Re1 Bg3 34.Re2 Ra1 35.Kd2 Rha8 36.Ke3 Kd6 37.Qg6 R8a2
38.Rxa2 Rxa2 39.Nd2 Bf4+ 40.Ke2 Rxd2+ 41.Kf1 Bg3 42.Qxh6 Rd1+ 43.Ke2 Re1+  1/2-1/2

[Event "Open"]
[Site "Geneve SUI"]
[Date "2007.01.21"]
[Round "2"]
[White "Van Boltaringen,E"]
[Black "Zozulia,A"]
[Result "0-1"]
[WhiteElo "2019"]
[BlackElo "2350"]

1.e4 g6 2.d4 Bg7 3.Nc3 d6 4.Bc4 a6 5.Be3 b5 6.Bb3 Bb7 7.Qd2 Nd7 8.a4 b4 9.Nd5 e6
10.Nf4 Bxe4 11.f3 Bb7 12.Bxe6 fxe6 13.Nxe6 Qc8 14.Nxg7+ Kf7 15.Bh6 Nxh6 16.Qxh6 Qf8
17.Nf5 Re8+ 18.Kf2 gxf5 19.Qh5+ Kg8 20.Ne2 Qf7 21.Qg5+ Qg6 22.Qd2 Kg7 23.Nf4 Qh6
24.g3 a5 25.Qd3 Rhf8 26.Qb5 Nb6 27.Qxa5 Nd5 28.Nxd5 Qd2+ 29.Kf1 Bxd5 30.Qxd5 Re2  0-1

[Event "TCh-AUT 2006-7"]
[Site "Leoben AUT"]
[Date "2007.01.21"]
[Round "7"]
[White "Zsifkovits,R"]
[Black "Sandner,W"]
[Result "1-0"]
[WhiteElo "2172"]
[BlackElo "2234"]

1.e4 g6 2.d4 Bg7 3.Nc3 d6 4.f4 Nd7 5.Nf3 c5 6.d5 Qb6 7.Be2 Ngf6 8.Nd2 a6
9.Nc4 Qc7 10.a4 Rb8 11.a5 b5 12.axb6 Nxb6 13.O-O O-O 14.Ra2 Nxc4 15.Bxc4 Ra8
16.Qd3 Qb6 17.h3 Nd7 18.Be3 Qb4 19.Na4 Nb6 20.Nxb6 Qxb6 21.c3 Qb8 22.Rfa1 Kh8
23.Qe2 f5 24.e5 dxe5 25.fxe5 Qc7 26.Bf4 h6 27.Re1 Bb7 28.h4 Rad8 29.Qd1 e6
30.d6 Qc6 31.b3 Rfe8 32.Qd3 Qb6 33.Qe2 Ra8 34.Qe3 Qd8 35.g3 Qb6 36.Bxh6 Qc6
37.Rh2 Qe4 38.Qxe4 Bxe4 39.Bf4 Kg8 40.Ra2 Kf7 41.Rea1 g5 42.hxg5 Rh8 43.Kf2 a5
44.Ke3  1-0

[Event "Open"]
[Site "Geneve SUI"]
[Date "2007.01.22"]
[Round "3"]
[White "Panajotov,J"]
[Black "Cherniaev,A1"]
[Result "1-0"]
[WhiteElo "2257"]
[BlackElo "2473"]

1.e4 g6 2.d4 Bg7 3.Nc3 d6 4.g3 Nf6 5.Bg2 O-O 6.Nge2 Nbd7 7.O-O c5 8.d5 a6
9.a4 b6 10.b3 Bb7 11.Bb2 Qc7 12.Qd2 Rfe8 13.Rad1 Rad8 14.h3 Nf8 15.g4 e6
16.Ng3 exd5 17.exd5 N6d7 18.Qc1 c4 19.b4 Rc8 20.Rfe1 h6 21.Rxe8 Rxe8 22.Qa1 Qd8
23.Nce4 Bxb2 24.Qxb2 Qe7 25.Qd4 Rc8 26.Qd2 Kg7 27.Re1 Nf6 28.Nf5+ gxf5 29.Ng3 Qxe1+
30.Qxe1  1-0

[Event "ch-Kyiv"]
[Site "Kyiv UKR"]
[Date "2007.01.22"]
[Round "3"]
[White "Ianovsky,A"]
[Black "Chistiakov,An"]
[Result "1/2-1/2"]
[WhiteElo "2240"]
[BlackElo "1901"]

1.e4 g6 2.d4 Bg7 3.Nc3 d6 4.f4 Nf6 5.Nf3 b6 6.Bd3 Bb7 7.O-O O-O 8.f5 Nbd7
9.Bf4 c5 10.fxg6 hxg6 11.d5 Qc7 12.Bc4 a6 13.a4 Ne5 14.Nxe5 dxe5 15.Bg5 Qd6
16.Qe1 Nh7 17.Be3 g5 18.Rf5 Qg6 19.Qg3 Bc8 20.Raf1 f6 21.h4 Bh6 22.d6+ e6
23.Nd5 Kh8 24.Ne7 Qg7 25.h5 Bd7 26.Ng6+ Kg8 27.Nxf8 Rxf8 28.R5f2 Ra8 29.Qg4 Qf7
30.c3 Kh8 31.b4 b5 32.axb5 axb5 33.Ra2 Rxa2 34.Bxa2 c4 35.Ra1 f5 36.Qe2 f4
37.Bf2 Nf6 38.g4 Bc6 39.Bb1 Qb7 40.Ra7 Qb8 41.Bc5 Bb7 42.Qa2 Bf8 43.Qa5 Bxd6
44.Qxb5 Bxc5+ 45.Qxc5 Qd8 46.Bc2 Qd2 47.Ra1 Nxg4 48.Qf8+ Kh7 49.Qf7+ Kh8  1/2-1/2

[Event "Open"]
[Site "Geneve SUI"]
[Date "2007.01.23"]
[Round "4"]
[White "Guex,P"]
[Black "Cherniaev,A1"]
[Result "0-1"]
[WhiteElo "2185"]
[BlackElo "2473"]

1.e4 g6 2.d4 Bg7 3.Nc3 d6 4.Be3 a6 5.Qd2 Nd7 6.Nf3 e6 7.a4 b6 8.h3 h6 9.Bc4 Bb7
10.O-O Ne7 11.Rfe1 g5 12.d5 Bxc3 13.Qxc3 e5 14.Nd2 f5 15.exf5 Nf6 16.Qd3 Nfxd5
17.Bxd5 Nxd5 18.c4 Nb4 19.Qc3 a5 20.c5 bxc5 21.Bxc5 Nd5 22.Rxe5+ Kf7 23.Qf3 Nf6
24.Qxb7 dxe5 25.Nc4 e4 26.Ne5+ Kg7 27.Nc6 Qc8 28.Qb3 Qxf5 29.Nd4 Qd5 30.Qc3 Kg6
31.Nb5 Rh7 32.Bd4 Rf8 33.Rc1 Rd7 34.Be5 c6 35.Nc7 Qd2 36.Qxc6 e3 37.Ne6 exf2+
38.Kh2 Rff7 39.Bxf6 Qd6+ 40.Qxd6 Rxd6  0-1

[Event "GM"]
[Site "Geneve SUI"]
[Date "2007.01.23"]
[Round "4"]
[White "Gerber,R"]
[Black "Malakhatko,V"]
[Result "0-1"]
[WhiteElo "2382"]
[BlackElo "2604"]

1.d4 g6 2.e4 Bg7 3.Nc3 d6 4.Be3 a6 5.Be2 Nd7 6.f4 e6 7.Qd2 Ne7 8.Bf3 b5 9.g4 Bb7
10.Nge2 Nb6 11.b3 f5 12.O-O O-O 13.Ng3 b4 14.Nce2 fxe4 15.Nxe4 Nbd5 16.Bf2 Qd7
17.Bg3 a5 18.a3 Nc6 19.axb4 axb4 20.Qd3 Nce7 21.Ng5 h6 22.Ne4 Bc6 23.Rxa8 Rxa8
24.Nd2 Rf8 25.h3 Bb5 26.Nc4 Nc3 27.Nxc3 bxc3 28.d5 exd5 29.Bxd5+ Kh8 30.Re1 Nxd5
31.Qxd5 Re8 32.Qf3 Bc6 33.Qd3 Qf7 34.Rxe8+ Qxe8 35.Qe3 Qe4 36.Qxe4 Bxe4 37.Na3 d5
38.Kf1 Bf8 39.Nb5 Bxc2 40.Nxc3 Bxb3 41.Ke2 Bc4+ 42.Kd2 Bd6 43.Ke3 c5 44.Nd1 Bb5
45.Kf2 d4 46.f5 Bxg3+ 47.Kxg3 c4  0-1

[Event "IM"]
[Site "Passos BRA"]
[Date "2007.01.23"]
[Round "4"]
[White "Molina,Rob"]
[Black "Sanchez,Fe"]
[Result "1-0"]
[WhiteElo "2336"]
[BlackElo "2251"]

1.e4 g6 2.d4 Bg7 3.Nc3 d6 4.Be3 c6 5.Qd2 b5 6.O-O-O Nd7 7.Bd3 Qa5 8.Kb1 Rb8
9.f3 c5 10.dxc5 Bxc3 11.Qxc3 Qxc3 12.bxc3 dxc5 13.Be2 Ngf6 14.Nh3 a6 15.Nf4 Bb7
16.Nd3 Rc8 17.g4 c4 18.Nb2 Nc5 19.Bh6 Nfd7 20.h4 f5 21.gxf5 gxf5 22.exf5 Rc6
23.Bg7 Rg8 24.Rhg1 Kf7 25.Bd4 Rxg1 26.Rxg1 Nf6 27.Rg5 Rc8 28.Kc1 Ncd7 29.Kd2 Nf8
30.Nd1 h6 31.Rg1 Rd8 32.Ne3 e6 33.fxe6+ Nxe6 34.Nf5 Nxd4 35.Nxd4 Nd5 36.a4 Nc7
37.axb5 axb5 38.f4 Be4 39.Bh5+ Kf6 40.f5 b4 41.Ke3 Ke5 42.Bf7 bxc3 43.Rd1 Rf8
44.Bxc4 Bd5 45.Bxd5 Nxd5+ 46.Kd3 Rg8 47.Re1+ Kd6 48.Re6+ Kd7 49.Rxh6 Rg3+
50.Ke4 Ne7 51.Rh7 Ke8 52.f6 Ng6 53.f7+ Ke7 54.Nf5+  1-0

[Event "SDZ Open"]
[Site "Solin CRO"]
[Date "2007.01.25"]
[Round "6"]
[White "Krnic,I"]
[Black "Saric,B"]
[Result "1-0"]
[WhiteElo "2103"]
[BlackElo "1924"]

1.e4 g6 2.d4 Bg7 3.Nc3 d6 4.Be3 Nf6 5.h3 O-O 6.Qd2 e5 7.dxe5 dxe5 8.O-O-O Qxd2+
9.Rxd2 c6 10.Nf3 b5 11.Bd3 Re8 12.g4 a5 13.Ne2 Na6 14.Ng3 Nb4 15.Kb1 Be6
16.a3 Nxd3 17.Rxd3 b4 18.a4 Rec8 19.Rhd1 c5 20.Ng5 Bc4 21.Rd6 h6 22.Nf3 b3
23.c3 Ne8 24.R6d2 Be6 25.Ng1 Ra7 26.f4 exf4 27.Bxf4 Nf6 28.Nf3 Nd7 29.Be3 Kh7
30.Ne2 Nb6 31.Nf4 Nc4 32.Rd3 Nxe3 33.Rxe3 Bd7 34.Nd5 Bxa4 35.Nb6 Re8 36.Nxa4 f5
37.Rde1 f4 38.R3e2 c4 39.g5 hxg5 40.Nxg5+ Kh6 41.Nf3 Bf8 42.e5 Kh5 43.e6 g5
44.Nb6 Rc7 45.Nd5  1-0

[Event "SDZ Open"]
[Site "Solin CRO"]
[Date "2007.01.27"]
[Round "8"]
[White "Marinic Kragic,M"]
[Black "Saric,B"]
[Result "1-0"]
[WhiteElo "2057"]
[BlackElo "1924"]

1.e4 g6 2.d4 Bg7 3.Nc3 d6 4.Bg5 c6 5.Bc4 Qb6 6.Nge2 Qxb2 7.Rb1 Qa3 8.O-O b5
9.Nxb5 cxb5 10.Bd5 Nf6 11.Bxa8 O-O 12.Rb3 Qxa2 13.Nc3 Qa5 14.e5 dxe5 15.dxe5 Ng4
16.Bxe7 Re8 17.Bb4 Qa6 18.Nd5 Qe6 19.f4 Rd8 20.Ne7+  1-0

[Event "SDZ Open"]
[Site "Solin CRO"]
[Date "2007.01.28"]
[Round "9"]
[White "Bilobrk,F"]
[Black "Biliskov,V"]
[Result "1-0"]
[WhiteElo "2384"]
[BlackElo "2339"]

1.d4 g6 2.e4 Bg7 3.Nc3 d6 4.Nf3 Nf6 5.Be2 O-O 6.O-O c6 7.a4 a5 8.h3 Na6 9.Be3 Qc7
10.Qd2 Nb4 11.Rfd1 Re8 12.Rac1 e5 13.dxe5 dxe5 14.Qd6 Qxd6 15.Rxd6 Nd7 16.Rcd1 Nf8
17.Rd8 Be6 18.Rxe8 Rxe8 19.Rd2 f6 20.Nb1 Re7 21.Na3 Nd7 22.Nc4 Na6 23.Nb6 Nac5
24.Nxd7 Nxd7 25.Rd1 h6 26.Nd2 f5 27.f3 Kf7 28.Nc4 Bxc4 29.Bxc4+ Ke8 30.Rd6 fxe4
31.fxe4 Nf6 32.Bb6 Rd7 33.Re6+ Re7 34.Rxe7+ Kxe7 35.Bd3 Nd7 36.Bxa5 Kf6 37.Bd8+ Ke6
38.b4 Bf8 39.c3 Be7 40.Bxe7 Kxe7 41.Kf2 Nb6 42.a5 Na4 43.c4 c5 44.b5 Kd7
45.Ke2 Nc3+ 46.Kd2 Na2 47.Be2 Nb4 48.Bg4+ Kd6 49.h4 Kc7 50.Be6 Kd6 51.Bf7 g5
52.hxg5 hxg5 53.Bd5 Kc7 54.Ke2 Nc2 55.Kf3 Nd4+ 56.Kg4 Nb3 57.a6 bxa6 58.bxa6 Kb6
59.Kxg5  1-0

[Event "12th HIT Open A"]
[Site "Nova Gorica SLO"]
[Date "2007.01.30"]
[Round "7"]
[White "Krivec,J"]
[Black "Sermek,D"]
[Result "1/2-1/2"]
[WhiteElo "2316"]
[BlackElo "2530"]

1.e4 g6 2.d4 Bg7 3.Nc3 d6 4.g3 Nc6 5.Nge2 Bg4 6.Be3 e5 7.dxe5 Nxe5 8.f4 Bf3
9.Rg1 Nc6 10.Qd3 Nge7 11.Nd4 Bg4 12.h3 Bd7 13.O-O-O a6  1/2-1/2

[Event "12th HIT Open A"]
[Site "Nova Gorica SLO"]
[Date "2007.02.01"]
[Round "9"]
[White "Jovanovic,Zo CRO"]
[Black "Skoberne,J"]
[Result "0-1"]
[WhiteElo "2557"]
[BlackElo "2436"]

1.e4 d6 2.d4 g6 3.Nc3 Bg7 4.Be3 a6 5.Nf3 b5 6.Bd3 Nd7 7.O-O c5 8.Re1 Bb7
9.a4 b4 10.Ne2 cxd4 11.Bxd4 Ngf6 12.Ng3 O-O 13.a5 e5 14.Be3 d5 15.Bg5 Qc7
16.exd5 Bxd5 17.Bxf6 Bxf6 18.Be4 Bxe4 19.Nxe4 Be7 20.Qd2 Rad8 21.Qe2 Qc6
22.Ned2 f6 23.Nd4 exd4 24.Qxe7 Qxc2 25.Nf3 d3 26.Rac1 Qxb2 27.Rc7 d2 28.Rf1 Rfe8
29.Rxd7 Rxe7 30.Rxd8+ Kf7 31.Rxd2 Qa3 32.Nd4 Qc3 33.Nf3 b3 34.Rb1 Rb7 35.Rdb2 Qxa5
36.Nd2 Qc3 37.h3 a5 38.Rxb3 Rxb3 39.Nxb3 a4 40.Nc1 a3 41.Na2 Qc2 42.Rb7+ Ke8
43.Nb4 Qb1+  0-1

[Event "75th Ambelokipi Open"]
[Site "Athens GRE"]
[Date "2007.02.03"]
[Round "7"]
[White "Poteas,I"]
[Black "Kotrotsos,V"]
[Result "0-1"]
[WhiteElo "2163"]
[BlackElo "2306"]

1.d4 g6 2.e4 Bg7 3.Nc3 d6 4.Be3 a6 5.Qd2 Nd7 6.Bd3 b5 7.a4 b4 8.Nd1 Rb8 9.Bc4 Ngf6
10.f3 O-O 11.Ne2 c5 12.dxc5 dxc5 13.Ng3 Qc7 14.Bh6 Ne5 15.Bxg7 Kxg7 16.Ne3 Rd8
17.Qe2 Rd4 18.O-O Nxc4 19.Nxc4 Be6 20.Ne3 c4 21.Rfd1 Rbd8 22.Rxd4 Rxd4 23.Rd1 Qc5
24.Kf2 Nd7 25.f4 Nf6 26.f5 Bd7 27.Rxd4 Qxd4 28.c3 bxc3 29.bxc3 Qxc3 30.fxg6 hxg6
31.e5 Qxe5 32.Nef5+ Kf8 33.Qxe5 Ng4+ 34.Ke1 Nxe5 35.Ne3 Bxa4  0-1

[Event "TCh-BEL 2006-7"]
[Site "Belgium BEL"]
[Date "2007.02.08"]
[Round "7"]
[White "Allaert,D"]
[Black "Verduyn,P"]
[Result "1/2-1/2"]
[WhiteElo "1996"]
[BlackElo "2163"]

1.e4 g6 2.d4 Bg7 3.Nc3 d6 4.f4 a6 5.Nf3 b5 6.a4 b4 7.Na2 a5 8.c3 bxc3 9.Nxc3 Ba6
10.Bd3 Nf6 11.O-O O-O 12.Re1 Bxd3 13.Qxd3 Nc6 14.Be3 Nb4 15.Qd2 Ng4 16.Rac1 c6
17.Kh1 Nxe3 18.Qxe3 Qb6 19.e5 Qa6 20.Red1 Rab8 21.Ng5 h6 22.Nge4 c5 23.dxc5 dxe5
24.fxe5 Qe6 25.Nd2 Nc6 26.Nb5 Rfd8 27.Nf3 Rxd1+ 28.Rxd1 Qg4 29.b3 Nxe5 30.h3 Qg3
31.Qe1 Qf4 32.Qd2 Qxd2 33.Rxd2 Rc8 34.Nxe5 Bxe5 35.Rc2 Rc6 36.Na7 Rc7 37.Nb5 Rc6
38.Na7 Rc7  1/2-1/2

[Event "ch-CZE"]
[Site "Praha CZE"]
[Date "2007.02.10"]
[Round "5"]
[White "Simacek,P"]
[Black "Vokac,M"]
[Result "0-1"]
[WhiteElo "2501"]
[BlackElo "2506"]

1.e4 g6 2.d4 d6 3.Nc3 Bg7 4.Be3 a6 5.Qd2 Nd7 6.O-O-O b5 7.h4 Bb7 8.f3 h5
9.Nh3 e6 10.Ng5 Qe7 11.Kb1 Ngf6 12.Ne2 e5 13.Nc1 O-O 14.Nb3 exd4 15.Bxd4 Rad8
16.c4 c5 17.Bf2 bxc4 18.Na5 c3 19.Qxd6 Nb6 20.Qxe7 Rxd1+ 21.Kc2 cxb2 22.Kxb2 Nxe4+
23.Ka3 Nxf2 24.Qxb7 Rb1 25.Bd3 Rb4 26.Rb1 Nxd3 27.Qxb6 Rxb6 28.Rxb6 Bc3 29.Nc6 Be1
30.Kb3 Nf4 31.Ne4 Nxg2 32.Nxc5 Bf2 33.Kc4 Nxh4 34.Rxa6 Bxc5 35.Kxc5 Nxf3
36.Ra3 Ng5 37.Rd3 Ra8 38.a3 h4 39.Kb5 h3 40.a4 h2 41.Rd1 Nf3 42.Rh1 Re8 43.a5 Re1
44.Rxh2 Nxh2 45.a6 Ra1 46.a7 Nf3 47.Kb6 Rxa7 48.Nxa7 g5 49.Nc8 g4 50.Ne7+ Kh7  0-1